000 00659nam a2200193 a 4500
008 120416s1994 ||||||||||||||||| || u
020 _a0745010830
050 _aHC 79.E5 Tur
100 _aTurner, R. Kerry
245 1 0 _aEnvironmental economics
246 _aan elementary introduction
260 _aLondon
_bFT Prentice-Hall
_c1994
300 _aviii, 328p. : ill.
350 _a0.00
650 0 _aENVIRONMENTAL POLICY--ECONOMIC ASPECTS
650 _aENVIRONMENT
700 _aBateman, Ian
995 _D0.00
_FCBU-MAIN LIBRARY (Kitwe)
_H1
_I21.90
_M1
_UAVAILABLE
_ZMain Library Open Access Collection
999 _c42195
_d42195